[Event "23. Copenhagen Open  (Politiken Cup)"]
[Site "Copenhagen"]
[Date "2001.07.22"]
[Round "8"]
[White "Andersen, Matias Lolk"]
[Black "Kjar, Peter Sigsgaard"]
[Result "0-1"]
[WhiteElo "1146"]
[BlackElo "1573"]
[PlyCount "78"]
[EventDate "2001.07.16"]
[EventType "swiss"]
[EventRounds "11"]
[EventCountry "DEN"]
[SourceDate "2004.01.01"]

1. e4 d6 2. d4 Nf6 3. Nc3 g6 4. Bd3 Bg7 5. Nge2 c6 6. h3 O-O 7. Be3 e5 8. f4
Nbd7 9. O-O Qb6 10. Qc1 Qc7 11. Qd2 a6 12. a4 c5 13. dxe5 dxe5 14. Bc4 Nb6 15.
Bb3 c4 16. Ba2 exf4 17. Bxf4 Qc5+ 18. Be3 Qc7 19. Bxb6 Qxb6+ 20. Kh1 Be6 21.
Rab1 Rfd8 22. Qf4 Qc5 23. Qf2 Qxf2 24. Rxf2 Rd2 25. Rc1 Rad8 26. Kg1 b5 27. Ng3
b4 28. Rxd2 Rxd2 29. Nd1 Bh6 30. Rb1 b3 31. Bxb3 cxb3 32. c3 Bf4 33. Nf1 Re2
34. Nf2 Be3 35. Nxe3 Rxe3 36. Ng4 Bxg4 37. hxg4 Re2 38. Kf1 Rd2 39. Kg1 Nxg4
0-1

[Event "23. Copenhagen Open  (Politiken Cup)"]
[Site "Copenhagen"]
[Date "2001.07.22"]
[Round "8"]
[White "Bering, Anders"]
[Black "Johansson, Thomas"]
[Result "1-0"]
[WhiteElo "2106"]
[BlackElo "2250"]
[PlyCount "57"]
[EventDate "2001.07.16"]
[EventType "swiss"]
[EventRounds "11"]
[EventCountry "DEN"]
[SourceDate "2004.01.01"]

1. e4 g6 2. d4 Bg7 3. Nc3 c6 4. Nf3 d6 5. h3 Nf6 6. Bd3 O-O 7. O-O Nbd7 8. Qe2
e5 9. dxe5 dxe5 10. Be3 Qe7 11. Rad1 Nc5 12. Bg5 Ne6 13. Bc1 Nh5 14. Bc4 Nef4
15. Bxf4 Nxf4 16. Qd2 b5 17. Bb3 b4 18. Na4 Ba6 19. Rfe1 Rad8 20. Qe3 Rxd1 21.
Rxd1 Bh6 22. Qc5 Qf6 23. Nxe5 Qh4 24. Nxf7 Rxf7 25. Rd7 Nxh3+ 26. gxh3 Qxe4 27.
Rxf7 Kh8 28. Rf8+ Kg7 29. Qxa7+ 1-0

[Event "23. Copenhagen Open  (Politiken Cup)"]
[Site "Copenhagen"]
[Date "2001.07.22"]
[Round "8"]
[White "Brinck Claussen, Bjorn"]
[Black "Bleis, Christian"]
[Result "1/2-1/2"]
[WhiteElo "2355"]
[BlackElo "2126"]
[PlyCount "53"]
[EventDate "2001.07.16"]
[EventType "swiss"]
[EventRounds "11"]
[EventCountry "DEN"]
[SourceDate "2004.01.01"]

1. e4 c5 2. Nf3 d6 3. d4 cxd4 4. Nxd4 Nf6 5. Nc3 g6 6. Be3 Bg7 7. f3 O-O 8. Qd2
Nc6 9. Bc4 Bd7 10. h4 Ne5 11. Bb3 Rc8 12. O-O-O Nc4 13. Bxc4 Rxc4 14. h5 Nxh5
15. g4 Nf6 16. Bh6 Nxe4 17. Qe3 Rxc3 18. bxc3 Nf6 19. Ne2 Qa5 20. Bxg7 Kxg7 21.
Qh6+ Kg8 22. Nf4 Qxc3 23. Nd5 Qa1+ 24. Kd2 Qd4+ 25. Kc1 Qa1+ 26. Kd2 Qd4+ 27.
Kc1 1/2-1/2

[Event "23. Copenhagen Open  (Politiken Cup)"]
[Site "Copenhagen"]
[Date "2001.07.22"]
[Round "8"]
[White "Brynell, Stellan"]
[Black "Visweswaran, Kameswaran"]
[Result "1-0"]
[WhiteElo "2486"]
[BlackElo "2299"]
[PlyCount "79"]
[EventDate "2001.07.16"]
[EventType "swiss"]
[EventRounds "11"]
[EventCountry "DEN"]
[SourceDate "2004.01.01"]

1. e4 e5 2. Nf3 Nc6 3. Bb5 a6 4. Bxc6 dxc6 5. O-O f6 6. d4 exd4 7. Nxd4 c5 8.
Ne2 Qxd1 9. Rxd1 Bg4 10. Nbc3 Bd6 11. f3 Bd7 12. Bf4 Bxf4 13. Nxf4 Ne7 14. Rd2
O-O-O 15. Rad1 Nc6 16. Ncd5 Rhf8 17. g4 Rf7 18. Kf2 b6 19. Kg3 a5 20. Ne3 g6
21. h4 Ne5 22. Nfd5 h5 23. gxh5 gxh5 24. Rg2 Re8 25. Kf4 Kb7 26. Rdg1 c6 27.
Nc3 Ree7 28. Nf5 Bxf5 29. exf5 Rd7 30. Ne4 Ka6 31. Rg8 a4 32. Ra8+ Kb7 33. Rxa4
Rd8 34. Nxf6 b5 35. Re4 Nc4 36. Rxc4 Rxf6 37. Rxc5 Kb6 38. b4 Rd4+ 39. Ke5 Rfd6
40. Rg6 1-0

[Event "23. Copenhagen Open  (Politiken Cup)"]
[Site "Copenhagen"]
[Date "2001.07.22"]
[Round "8"]
[White "Brondum, Eric"]
[Black "Christensen, Christian"]
[Result "1/2-1/2"]
[WhiteElo "2224"]
[BlackElo "1972"]
[PlyCount "37"]
[EventDate "2001.07.16"]
[EventType "swiss"]
[EventRounds "11"]
[EventCountry "DEN"]
[SourceDate "2004.01.01"]

1. d4 d6 2. e4 g6 3. Nc3 Nf6 4. g3 Bg7 5. Bg2 O-O 6. Nge2 c6 7. O-O e5 8. h3
Nbd7 9. Be3 h6 10. Qd2 Kh7 11. Rad1 Qc7 12. f4 Nb6 13. b3 exd4 14. Bxd4 d5 15.
exd5 Nbxd5 16. Nxd5 Nxd5 17. c4 Ne7 18. Bxg7 Kxg7 19. Rfe1 1/2-1/2

[Event "23. Copenhagen Open  (Politiken Cup)"]
[Site "Copenhagen"]
[Date "2001.07.22"]
[Round "8"]
[White "Christensen, Esben"]
[Black "Bekker Jensen, David"]
[Result "0-1"]
[WhiteElo "2115"]
[BlackElo "2284"]
[PlyCount "82"]
[EventDate "2001.07.16"]
[EventType "swiss"]
[EventRounds "11"]
[EventCountry "DEN"]
[SourceDate "2004.01.01"]

1. e4 c5 2. Nf3 d6 3. d4 Nf6 4. Nc3 cxd4 5. Nxd4 a6 6. Be2 e5 7. Nb3 Be7 8. Be3
Be6 9. O-O O-O 10. f4 exf4 11. Rxf4 Nc6 12. Nd5 Bxd5 13. exd5 Ne5 14. c4 Nfd7
15. Rf5 g6 16. Rf2 Bg5 17. Qd2 Bxe3 18. Qxe3 Rc8 19. Rc1 Re8 20. Qh6 Qb6 21.
Nd2 Nf6 22. h3 Ned7 23. Bd3 Ne5 24. Be2 Ned7 25. Bd3 Qd4 26. Bf1 Ne4 27. Nxe4
Rxe4 28. Rcc2 Rce8 29. Kh1 a5 30. b3 Re1 31. Rcd2 Qe5 32. Rd3 f5 33. Rdf3 Nc5
34. g4 Ne4 35. Rg2 Rxf1+ 36. Rxf1 Ng3+ 37. Rxg3 Qxg3 38. Qf4 Qxh3+ 39. Kg1 Re4
40. Qh2 Rxg4+ 41. Kh1 Qxf1+ 0-1

[Event "23. Copenhagen Open  (Politiken Cup)"]
[Site "Copenhagen"]
[Date "2001.07.22"]
[Round "8"]
[White "Christensen, Stefan"]
[Black "Simonsen, Per"]
[Result "1-0"]
[WhiteElo "2164"]
[BlackElo "1723"]
[PlyCount "43"]
[EventDate "2001.07.16"]
[EventType "swiss"]
[EventRounds "11"]
[EventCountry "DEN"]
[SourceDate "2004.01.01"]

1. e4 e5 2. Nf3 Nc6 3. Bb5 a6 4. Ba4 Nf6 5. d4 exd4 6. O-O Be7 7. e5 Ne4 8.
Nxd4 Nxd4 9. Qxd4 Nc5 10. Nc3 b5 11. Bb3 Nxb3 12. axb3 Bb7 13. Qg4 g6 14. Bh6
f5 15. exf6 Bxf6 16. Rad1 Bc6 17. Ne4 Qe7 18. Nxf6+ Qxf6 19. Rfe1+ Kf7 20.
Rxd7+ Bxd7 21. Qxd7+ Kg8 22. Re8+ 1-0

[Event "23. Copenhagen Open  (Politiken Cup)"]
[Site "Copenhagen"]
[Date "2001.07.22"]
[Round "8"]
[White "Edvardsson, Hannu Kalervo"]
[Black "Greisen, Flemming Dahl"]
[Result "1-0"]
[WhiteElo "1300"]
[BlackElo "1425"]
[PlyCount "107"]
[EventDate "2001.07.16"]
[EventType "swiss"]
[EventRounds "11"]
[EventCountry "DEN"]
[SourceDate "2004.01.01"]

1. e4 e6 2. c4 d5 3. d3 Nc6 4. Nf3 Bb4+ 5. Bd2 dxe4 6. dxe4 Nf6 7. a3 Be7 8.
Nc3 b6 9. Be2 Bb7 10. O-O e5 11. Bg5 Nd4 12. Nxe5 Nxe4 13. Bxe7 Kxe7 14. Nxe4
Bxe4 15. Bf3 Nxf3+ 16. Nxf3 Qxd1 17. Raxd1 Bxf3 18. gxf3 Rhd8 19. Rfe1+ Kf8 20.
Kf1 c5 21. Rxd8+ Rxd8 22. Ke2 Ke7 23. Rc1 a5 24. a4 g5 25. Rc3 Rd4 26. b3 Rd6
27. h4 f6 28. hxg5 fxg5 29. Kf1 Kf6 30. Kg2 Kf5 31. Re3 h5 32. Rc3 Ke5 33. Re3+
Kd4 34. Kg3 Rf6 35. Kg2 Rh6 36. Kh3 Rf6 37. Kg2 g4 38. fxg4 hxg4 39. Kg3 Rf3+
40. Rxf3 gxf3 41. Kxf3 Kc3 42. Ke4 Kxb3 43. f4 Kxa4 44. f5 Kb4 45. f6 a4 46. f7
Kxc4 47. f8=Q b5 48. Qf7+ Kc3 49. Qa2 Kb4 50. Kd3 c4+ 51. Kc2 a3 52. Qb1+ Kc5
53. Kc3 b4+ 54. Qxb4+ 1-0

[Event "23. Copenhagen Open  (Politiken Cup)"]
[Site "Copenhagen"]
[Date "2001.07.22"]
[Round "8"]
[White "Fant, Goran"]
[Black "Grahn, Lars"]
[Result "0-1"]
[WhiteElo "2043"]
[BlackElo "2100"]
[PlyCount "94"]
[EventDate "2001.07.16"]
[EventType "swiss"]
[EventRounds "11"]
[EventCountry "DEN"]
[SourceDate "2004.01.01"]

1. Nf3 d5 2. e3 c6 3. c4 Nf6 4. Nc3 g6 5. d4 Bg7 6. Bd3 O-O 7. O-O dxc4 8. Bxc4
b5 9. Bd3 Qb6 10. a4 b4 11. a5 Qc7 12. Ne4 Nxe4 13. Bxe4 Ba6 14. Re1 Bb5 15.
Qb3 Na6 16. Bd2 Qd6 17. Rec1 Rab8 18. Be1 Rfc8 19. Ng5 e6 20. Bf3 Qe7 21. Ne4
e5 22. Nc5 exd4 23. Nxa6 Bxa6 24. Bxc6 dxe3 25. fxe3 Qf6 26. Bf3 Qxb2 27. Rxc8+
Rxc8 28. Rb1 Qxb3 29. Rxb3 Bf8 30. Rb2 Rb8 31. Bd5 Bc8 32. a6 Bxa6 33. Rf2 Rd8
34. Bxf7+ Kg7 35. Be6 Bc5 36. Rf7+ Kh6 37. h4 Re8 38. Bd7 Re7 39. Rxe7 Bxe7 40.
g4 Bc4 41. Bd2 Bb3 42. g5+ Kg7 43. Bc1 a5 44. Bb2+ Kf7 45. Kf2 a4 46. e4 a3 47.
Ba1 Be6 0-1

[Event "23. Copenhagen Open  (Politiken Cup)"]
[Site "Copenhagen"]
[Date "2001.07.22"]
[Round "8"]
[White "Furu, Thormod"]
[Black "Kleinschroth, Roland"]
[Result "0-1"]
[WhiteElo "1775"]
[BlackElo "2160"]
[PlyCount "138"]
[EventDate "2001.07.16"]
[EventType "swiss"]
[EventRounds "11"]
[EventCountry "DEN"]
[SourceDate "2004.01.01"]

1. e4 e5 2. Nf3 Nc6 3. Bb5 Bc5 4. O-O Nf6 5. c3 O-O 6. d4 Bb6 7. Bg5 h6 8. Bh4
d6 9. a4 a5 10. Bxc6 bxc6 11. dxe5 dxe5 12. Nbd2 Ba6 13. Re1 Qe7 14. Nf1 Qe6
15. Bg3 Nd7 16. Ne3 g6 17. Nh4 Kh7 18. Qc2 f6 19. Rad1 Rad8 20. b4 Bxe3 21.
Rxe3 Bc4 22. Rb1 Nb8 23. Nf3 Rf7 24. Nd2 Ba2 25. Ra1 Rfd7 26. Qxa2 Qxa2 27.
Rxa2 Rxd2 28. Rxd2 Rxd2 29. f3 Ra2 30. Rd3 axb4 31. cxb4 Rxa4 32. Be1 Na6 33.
Kf2 Nxb4 34. Rd7+ Kg8 35. Rxc7 Nd3+ 36. Ke2 Nf4+ 37. Kd2 Nxg2 38. Bg3 Rc4 39.
Kd3 Rc1 40. Kd2 Rc4 41. Kd3 Rc5 42. Bf2 Nf4+ 43. Kd2 Rc4 44. Be3 Ne6 45. Rc8+
Kg7 46. Kd3 Ra4 47. Rxc6 Ra3+ 48. Kd2 Kf7 49. h4 h5 50. Rb6 g5 51. hxg5 Nxg5
52. Bxg5 fxg5 53. Ke2 g4 54. fxg4 hxg4 55. Rc6 Rf3 56. Rc7+ Kf6 57. Rc5 Rf4 58.
Ke3 g3 59. Rc8 Kg5 60. Rh8 Kg4 61. Rg8+ Kh3 62. Rh8+ Rh4 63. Rg8 Rg4 64. Rh8+
Kg2 65. Ra8 Rg7 66. Ra6 Kg1 67. Rf6 g2 68. Rf5 Kh2 69. Kf3 Rg3+ 0-1

[Event "23. Copenhagen Open  (Politiken Cup)"]
[Site "Copenhagen"]
[Date "2001.07.22"]
[Round "8"]
[White "Greiff, Hakan"]
[Black "Marder, Simon"]
[Result "1-0"]
[WhiteElo "2299"]
[BlackElo "2058"]
[PlyCount "85"]
[EventDate "2001.07.16"]
[EventType "swiss"]
[EventRounds "11"]
[EventCountry "DEN"]
[SourceDate "2004.01.01"]

1. e4 e5 2. Nf3 d5 3. Nxe5 dxe4 4. d4 Bd6 5. Nc4 f5 6. Nxd6+ Qxd6 7. Nc3 a6 8.
Qh5+ g6 9. Qh4 Be6 10. Bf4 Qb4 11. Be5 Qxb2 12. Kd2 Ne7 13. Bxh8 Nbc6 14. Rb1
Qa3 15. Bf6 O-O-O 16. Bxe7 Rxd4+ 17. Bd3 Nxe7 18. Qf6 Rd6 19. Rhe1 Bxa2 20.
Qxe7 Rxd3+ 21. cxd3 Qxe7 22. Nxa2 Qg5+ 23. Re3 Qxg2 24. Rbe1 Qxf2+ 25. R1e2 Qf4
26. Nc3 exd3 27. Nd5 Qg5 28. Ne7+ Kb8 29. Kxd3 f4 30. Re5 Qg1 31. Rd5 Qb1+ 32.
Kd2 c6 33. Rd3 Qb4+ 34. Kd1 Qb1+ 35. Kd2 Qb4+ 36. Kd1 Qa4+ 37. Rc2 Qe4 38. Rd8+
Kc7 39. Rc8+ Kd7 40. Rd2+ Kxe7 41. Re2 Qxe2+ 42. Kxe2 b5 43. Rxc6 1-0

[Event "23. Copenhagen Open  (Politiken Cup)"]
[Site "Copenhagen"]
[Date "2001.07.22"]
[Round "8"]
[White "Hansen, Gunnar West"]
[Black "Nielsen, Jan Mose"]
[Result "1-0"]
[WhiteElo "2198"]
[BlackElo "2054"]
[PlyCount "83"]
[EventDate "2001.07.16"]
[EventType "swiss"]
[EventRounds "11"]
[EventCountry "DEN"]
[SourceDate "2004.01.01"]

1. g3 e5 2. Bg2 c6 3. c4 Nf6 4. Nc3 d6 5. d4 Be7 6. e3 O-O 7. Nge2 Bf5 8. O-O
Nbd7 9. e4 Bg6 10. h3 Qc7 11. Be3 Rfd8 12. g4 Nb6 13. Qb3 Nfd7 14. f4 exd4 15.
Bxd4 f6 16. c5+ Bf7 17. cxb6 axb6 18. Qc2 Ra6 19. Rad1 Bf8 20. Rd2 Nc5 21. b4
Ne6 22. Be3 Rda8 23. f5 Nd8 24. Bf4 b5 25. Nc1 Bc4 26. Rfd1 Nf7 27. Kh1 Rd8 28.
a4 Qb6 29. a5 Qc7 30. Na4 Qe7 31. Nb6 Ne5 32. Nb3 Qf7 33. Nc5 Ra7 34. Bxe5 dxc5
35. Nxc4 Rxd2 36. Nxd2 fxe5 37. bxc5 Rxa5 38. Qc3 b4 39. Qxe5 Rxc5 40. Qd4 b3
41. Rb1 Rb5 42. Bf1 1-0

[Event "23. Copenhagen Open  (Politiken Cup)"]
[Site "Copenhagen"]
[Date "2001.07.22"]
[Round "8"]
[White "Hassan, Omar Elsayed"]
[Black "Petersen, Peter Birk"]
[Result "1/2-1/2"]
[WhiteElo "2100"]
[BlackElo "2230"]
[PlyCount "56"]
[EventDate "2001.07.16"]
[EventType "swiss"]
[EventRounds "11"]
[EventCountry "DEN"]
[SourceDate "2004.01.01"]

1. d4 Nf6 2. Nc3 d6 3. e4 g6 4. Be2 Bg7 5. h4 h5 6. Bg5 Na6 7. Qd2 c5 8. Bxa6
bxa6 9. dxc5 Rb8 10. cxd6 Rxb2 11. e5 Nd7 12. dxe7 Qb6 13. Nf3 f6 14. exf6 Qe6+
15. Kf1 Nxf6 16. Qd8+ Kf7 17. Bxf6 Bxf6 18. Ng5+ Bxg5 19. Qxh8 Bxe7 20. Re1
Qc4+ 21. Kg1 Bf6 22. Qe8+ Kg7 23. Nd5 Qxd5 24. Qxc8 Qd2 25. Qe8 Rxc2 26. Re7+
Bxe7 27. Qxe7+ Kh6 28. Qf8+ Kh7 1/2-1/2

[Event "23. Copenhagen Open  (Politiken Cup)"]
[Site "Copenhagen"]
[Date "2001.07.22"]
[Round "8"]
[White "Hau, Helge"]
[Black "Nielsen, Torben"]
[Result "0-1"]
[WhiteElo "1525"]
[BlackElo "1840"]
[PlyCount "92"]
[EventDate "2001.07.16"]
[EventType "swiss"]
[EventRounds "11"]
[EventCountry "DEN"]
[SourceDate "2004.01.01"]

1. b3 e5 2. Bb2 Nc6 3. e3 d5 4. Bb5 Bd6 5. Nc3 Nge7 6. Nge2 Bg4 7. f3 Be6 8. d4
O-O 9. Bxc6 bxc6 10. Ng3 exd4 11. exd4 Nf5 12. Nxf5 Bxf5 13. g3 Re8+ 14. Kf2
Qf6 15. Kg2 h5 16. Ne2 Qe6 17. Re1 Bh3+ 18. Kh1 Qg6 19. Ng1 Bf5 20. Qd2 Bd7 21.
Qf2 Qf5 22. c4 Bb4 23. Rxe8+ Rxe8 24. a3 Bf8 25. c5 Qd3 26. b4 g6 27. Re1 Rxe1
28. Qxe1 Qc2 29. Bc1 Bg7 30. Ne2 Qd3 31. Qf2 Bh3 32. Bb2 Bh6 33. f4 Qc2 34. Bc3
Bg4 35. Kg1 Bxe2 36. Qe1 Qe4 37. Qf2 Bg7 38. h3 Qd3 39. Ba1 Bf3 40. Kh2 Be4 41.
g4 hxg4 42. hxg4 Qxa3 43. Qe1 Qa2+ 44. Kg3 Qg2+ 45. Kh4 Qh2+ 46. Kg5 f6# 0-1

[Event "23. Copenhagen Open  (Politiken Cup)"]
[Site "Copenhagen"]
[Date "2001.07.22"]
[Round "8"]
[White "Hector, Jonny"]
[Black "Jepson, Christian"]
[Result "1/2-1/2"]
[WhiteElo "2552"]
[BlackElo "2373"]
[PlyCount "82"]
[EventDate "2001.07.16"]
[EventType "swiss"]
[EventRounds "11"]
[EventCountry "DEN"]
[SourceDate "2004.01.01"]

1. e4 e6 2. d4 d5 3. Nc3 Nf6 4. Bg5 Bb4 5. e5 h6 6. Bc1 Ne4 7. Qg4 Kf8 8. a3
Ba5 9. Nge2 c5 10. b4 Nxc3 11. Nxc3 cxb4 12. Nd1 Nc6 13. h4 Qb6 14. axb4 Nxb4
15. Ba3 Kg8 16. Bxb4 Bxb4+ 17. Ke2 Bd7 18. Ke3 h5 19. Qe2 Rc8 20. Qd3 a5 21. c3
Be7 22. Qc2 f6 23. f4 Kf7 24. Bd3 f5 25. Nf2 Qc7 26. Rab1 b5 27. Bxb5 Bxb5 28.
Rxb5 Qxc3+ 29. Qxc3 Rxc3+ 30. Nd3 a4 31. Ra5 Rb8 32. Rxa4 Rb2 33. Rc1 Rxc1 34.
Nxb2 Bxh4 35. Ra7+ Be7 36. Nd3 Rc3 37. g3 Ra3 38. Rb7 Ke8 39. Rb8+ Kf7 40. Rb7
Ke8 41. Rb8+ Kf7 1/2-1/2

[Event "23. Copenhagen Open  (Politiken Cup)"]
[Site "Copenhagen"]
[Date "2001.07.22"]
[Round "8"]
[White "Helledie, Anders"]
[Black "Bekker Jensen, Simon"]
[Result "1/2-1/2"]
[WhiteElo "2221"]
[BlackElo "2356"]
[PlyCount "108"]
[EventDate "2001.07.16"]
[EventType "swiss"]
[EventRounds "11"]
[EventCountry "DEN"]
[SourceDate "2004.01.01"]

1. e4 c5 2. Nc3 Nc6 3. g3 g6 4. Bg2 Bg7 5. d3 d6 6. f4 e6 7. Nf3 Nge7 8. O-O
O-O 9. Qe1 b6 10. Qf2 Bb7 11. Nd1 Qd7 12. c3 f5 13. Ne3 d5 14. exd5 Nxd5 15.
Nxd5 Qxd5 16. d4 cxd4 17. Ne5 Qd6 18. cxd4 Rab8 19. Be3 Ne7 20. Bxb7 Rxb7 21.
Rac1 Rc7 22. Rxc7 Qxc7 23. Rc1 Qb7 24. Qe2 Qe4 25. Qf3 Qxf3 26. Nxf3 Bf6 27.
Kf2 Rc8 28. Rxc8+ Nxc8 29. Ke2 Kf7 30. Kd3 Ke7 31. Bd2 Kd6 32. Ne1 a6 33. Nc2
Na7 34. Bb4+ Kc6 35. Bd2 Nb5 36. Be3 Be7 37. Bd2 Nc7 38. Ne1 Nd5 39. Nc2 h6 40.
h4 Nf6 41. Be1 h5 42. Ne3 Ne4 43. Nc4 Bf6 44. Ne3 Bd8 45. Nc4 Bc7 46. Ne3 Nf6
47. Nc2 Bd6 48. Kc4 Nd5 49. Bd2 b5+ 50. Kd3 Nb6 51. Ne3 Na4 52. Kc2 Be7 53. b3
Nb6 54. Kd3 Nd5 1/2-1/2

[Event "23. Copenhagen Open  (Politiken Cup)"]
[Site "Copenhagen"]
[Date "2001.07.22"]
[Round "8"]
[White "Henrichsen, Jens"]
[Black "Windekilde, Flemming"]
[Result "1/2-1/2"]
[WhiteElo "2069"]
[BlackElo "1744"]
[PlyCount "128"]
[EventDate "2001.07.16"]
[EventType "swiss"]
[EventRounds "11"]
[EventCountry "DEN"]
[SourceDate "2004.01.01"]

1. d4 Nf6 2. c4 c5 3. d5 e6 4. Nc3 exd5 5. cxd5 d6 6. e4 g6 7. Nf3 Bg7 8. Be2
O-O 9. Nd2 Re8 10. O-O a6 11. a4 Nbd7 12. a5 b5 13. axb6 Nxb6 14. Re1 Qe7 15.
f3 Nh5 16. Nf1 Qh4 17. Be3 Be5 18. Qd2 Nf4 19. g3 Nxe2+ 20. Qxe2 Qf6 21. Rab1
Bd7 22. Nd2 h5 23. f4 Bd4 24. e5 dxe5 25. Nde4 Qg7 26. Nd6 exf4 27. Nxe8 Rxe8
28. Bxd4 cxd4 29. Qxa6 Rxe1+ 30. Rxe1 dxc3 31. Qxb6 Kh7 32. bxc3 Qxc3 33. Rd1
fxg3 34. Qd4 Qf3 35. Rd3 gxh2+ 36. Kxh2 Qe2+ 37. Kg1 Qe1+ 38. Kg2 Qe7 39. Qe3
Qd6 40. Qg3 Qf6 41. Rf3 Bf5 42. Qf4 Qb2+ 43. Rf2 Qb7 44. Qe5 Be6 45. Rd2 Qd7
46. Rd3 Bf5 47. Rc3 Qa4 48. Re3 Qg4+ 49. Kf2 Qh4+ 50. Kg2 Qg5+ 51. Kf2 h4 52.
d6 Qg4 53. Rf3 Be6 54. d7 Bxd7 55. Rxf7+ Kh6 56. Qe3+ g5 57. Qb6+ Be6 58. Rf6+
Kh5 59. Qxe6 Qg3+ 60. Ke2 Qg2+ 61. Rf2 Qg4+ 62. Qxg4+ Kxg4 63. Rg2+ Kf4 64. Kf2
g4 1/2-1/2

[Event "23. Copenhagen Open  (Politiken Cup)"]
[Site "Copenhagen"]
[Date "2001.07.22"]
[Round "8"]
[White "Hesselberg, Leif"]
[Black "Petersen, Nils"]
[Result "1-0"]
[WhiteElo "1800"]
[BlackElo "2050"]
[PlyCount "85"]
[EventDate "2001.07.16"]
[EventType "swiss"]
[EventRounds "11"]
[EventCountry "DEN"]
[SourceDate "2004.01.01"]

1. d4 d5 2. Nf3 c5 3. dxc5 e6 4. e4 Bxc5 5. exd5 Qxd5 6. Qxd5 exd5 7. Be2 Ne7
8. O-O O-O 9. Nbd2 Nbc6 10. Nb3 Bb6 11. c3 f6 12. Bf4 Ng6 13. Bg3 Be6 14. Rad1
Bf7 15. Nbd4 Nce5 16. Nf5 Rfd8 17. N3d4 a6 18. Rfe1 Kf8 19. Bf1 Rd7 20. h4 h5
21. Kh1 Re8 22. Be2 Ne7 23. Nxe7 Rdxe7 24. Nf5 Rd7 25. Bf1 g6 26. Nd4 Rde7 27.
Re2 Nc4 28. Rxe7 Rxe7 29. Bxc4 Bxd4 30. cxd4 dxc4 31. Bd6 Ke8 32. Bxe7 Kxe7 33.
Kg1 Kd6 34. f3 b5 35. Kf2 Kd5 36. Ke3 Be6 37. Kf4 b4 38. g4 f5 39. gxh5 gxh5
40. Re1 c3 41. bxc3 bxc3 42. Re5+ Kd6 43. Rc5 1-0

[Event "23. Copenhagen Open  (Politiken Cup)"]
[Site "Copenhagen"]
[Date "2001.07.22"]
[Round "8"]
[White "Hoi, Carsten"]
[Black "Ward, Christopher"]
[Result "1-0"]
[WhiteElo "2407"]
[BlackElo "2493"]
[PlyCount "69"]
[EventDate "2001.07.16"]
[EventType "swiss"]
[EventRounds "11"]
[EventCountry "DEN"]
[SourceDate "2004.01.01"]

1. Nf3 c5 2. e3 Nf6 3. d4 g6 4. c4 Bg7 5. Nc3 O-O 6. h3 cxd4 7. exd4 d5 8. Be2
dxc4 9. Bxc4 b6 10. O-O Bb7 11. Ne5 Nc6 12. Nxc6 Bxc6 13. d5 Bb7 14. Qb3 Rc8
15. Bf4 Nd7 16. Rad1 a6 17. a4 Be5 18. Bh6 Re8 19. Ne4 Qc7 20. Rc1 Qb8 21. Rfe1
Bh2+ 22. Kh1 Bf4 {#} 23. d6 Bxh6 24. Bxf7+ Kh8 25. Bxe8 Rxc1 26. Rxc1 Qxe8 27.
Rc7 exd6 28. Qc3+ Bg7 29. Nxd6 Qe2 30. Qc1 Nc5 {#} 31. Rxb7 Bxb2 32. Qf4 Ne6
33. Nf7+ Kg8 34. Nh6+ Kh8 35. Rb8+ 1-0

[Event "23. Copenhagen Open  (Politiken Cup)"]
[Site "Copenhagen"]
[Date "2001.07.22"]
[Round "8"]
[White "Hvenekilde, Jorgen"]
[Black "Aaberg, Anton"]
[Result "0-1"]
[WhiteElo "2267"]
[BlackElo "2373"]
[PlyCount "106"]
[EventDate "2001.07.16"]
[EventType "swiss"]
[EventRounds "11"]
[EventCountry "DEN"]
[SourceDate "2004.01.01"]

1. d4 d5 2. Nf3 Nf6 3. c4 c6 4. Nc3 dxc4 5. a4 Bf5 6. e3 e6 7. Bxc4 Bb4 8. O-O
O-O 9. Ne2 Nbd7 10. Ng3 Bg6 11. Qe2 Ne4 12. Rd1 Qa5 13. Bd3 Nxg3 14. hxg3 e5
15. Bxg6 hxg6 16. Bd2 e4 17. Bxb4 Qxb4 18. Nd2 Nf6 19. Nc4 Rad8 20. Qc2 Rd5 21.
Ne5 Rfd8 22. f3 exf3 23. gxf3 Qe7 24. Rd3 c5 25. Rad1 cxd4 26. exd4 Nh5 27. f4
g5 28. Qh2 Nf6 29. fxg5 Nd7 30. g6 fxg6 31. Qh8+ Kxh8 32. Nxg6+ Kh7 33. Nxe7
Rd6 34. Nf5 Rb6 35. b3 Re8 36. Rf1 Re2 37. Rf2 Re1+ 38. Rf1 Re2 39. Rf2 Re1+
40. Kg2 Rb1 41. Rff3 Rb2+ 42. Kh3 Nf6 43. Rde3 g5 44. Re7+ Kg6 45. g4 Nd5 46.
Rg7+ Kf6 47. Rg8 Nf4+ 48. Rxf4 R6xb3+ 49. Ng3+ gxf4 50. Rf8+ Kg6 51. Rxf4 Rd3
52. g5 Rbb3 53. Rg4 Rb4 0-1

[Event "23. Copenhagen Open  (Politiken Cup)"]
[Site "Copenhagen"]
[Date "2001.07.22"]
[Round "8"]
[White "Jacobsen, Bo"]
[Black "Nilssen, John Arni"]
[Result "0-1"]
[WhiteElo "2274"]
[BlackElo "2333"]
[PlyCount "52"]
[EventDate "2001.07.16"]
[EventType "swiss"]
[EventRounds "11"]
[EventCountry "DEN"]
[SourceDate "2004.01.01"]

1. e4 c5 2. Nc3 Nc6 3. g3 g6 4. d3 Bg7 5. Bg2 Rb8 6. a4 a6 7. Be3 d6 8. f4 b5
9. axb5 axb5 10. Qd2 Nd4 11. Nf3 e6 12. O-O b4 13. Nd1 Ne7 14. g4 f5 15. gxf5
exf5 16. Qf2 Ne6 17. e5 O-O 18. Re1 Nd5 19. Nd2 Nxe3 20. Qxe3 dxe5 21. fxe5 Nd4
22. Rc1 f4 23. Qf2 f3 24. Bf1 Qg5+ 25. Kh1 Ne2 26. Qxf3 Qg1# 0-1

[Event "23. Copenhagen Open  (Politiken Cup)"]
[Site "Copenhagen"]
[Date "2001.07.22"]
[Round "8"]
[White "Jakobsen, Ole"]
[Black "Sylvan, Jacob"]
[Result "1-0"]
[WhiteElo "2398"]
[BlackElo "2272"]
[PlyCount "79"]
[EventDate "2001.07.16"]
[EventType "swiss"]
[EventRounds "11"]
[EventCountry "DEN"]
[SourceDate "2004.01.01"]

1. d4 Nf6 2. c4 g6 3. Nc3 Bg7 4. e4 d6 5. f3 O-O 6. Nge2 c5 7. Be3 Nc6 8. d5
Ne5 9. Ng3 e6 10. Be2 exd5 11. cxd5 a6 12. O-O b5 13. a3 Re8 14. Qd2 Rb8 15. b4
Ned7 16. Rab1 h5 17. Nh1 Qc7 18. Rfc1 c4 19. a4 Nf8 20. axb5 axb5 21. Ra1 Bd7
22. Ra5 Rb7 23. Nf2 N8h7 24. Rca1 Reb8 25. Nfd1 Qd8 26. Bd4 Ne8 27. Bxg7 Kxg7
28. Qd4+ f6 29. Ne3 Ng5 30. Nc2 Nf7 31. f4 Nc7 32. Ne3 Qc8 33. Bd1 Qh8 34. Bc2
h4 35. Rf1 Ra8 36. Rxa8 Qxa8 {#} 37. e5 dxe5 38. fxe5 Nxe5 39. Rxf6 Kxf6 40.
Ne4+ 1-0

[Event "23. Copenhagen Open  (Politiken Cup)"]
[Site "Copenhagen"]
[Date "2001.07.22"]
[Round "8"]
[White "Jensen, Dan Bronnum"]
[Black "Lie, Terje"]
[Result "1-0"]
[WhiteElo "1324"]
[BlackElo "1100"]
[PlyCount "166"]
[EventDate "2001.07.16"]
[EventType "swiss"]
[EventRounds "11"]
[EventCountry "DEN"]
[SourceDate "2004.01.01"]

1. e4 e6 2. d4 d5 3. Nc3 c5 4. e5 Nc6 5. Bb5 Bd7 6. Bxc6 Bxc6 7. Nf3 Nh6 8. Bf4
Nf5 9. Qd2 Qb6 10. Be3 Nxd4 11. Bxd4 cxd4 12. Nd1 Bb4 13. c3 dxc3 14. bxc3 Ba5
15. O-O Rd8 16. Ne3 Qc7 17. Qc2 O-O 18. Ng5 g6 19. Nf3 h5 20. Qc1 Kg7 21. Nd1
Rd7 22. Qg5 Qd8 23. Qf4 f6 24. Nd4 Qe7 25. Nxc6 bxc6 26. exf6+ Qxf6 27. Qa4
Bxc3 28. Rc1 d4 29. Qxc6 Rd5 30. a4 a5 31. Nxc3 dxc3 32. Rxc3 Rd2 33. Rf3 Qd8
34. Rxf8 Kxf8 35. Qxe6 g5 36. Qh6+ Kg8 37. Qxh5 Ra2 38. Qg6+ Kf8 39. Qc6 Qd4
40. Qh6+ Kf7 41. Qh7+ Qg7 42. Qf5+ Qf6 43. Qxa5 g4 44. Qd5+ Qe6 45. Qb5 Kf6 46.
a5 Qe2 47. Qxe2 Rxe2 48. Ra1 Re8 49. g3 Ra8 50. Kg2 Ra6 51. h3 Kg5 52. h4+ Kf5
53. Ra4 Ke5 54. Rxg4 Kf5 55. Rg5+ Ke4 56. h5 Rh6 57. f3+ Ke3 58. g4 Rf6 59. Rf5
Rh6 60. Kh3 Re6 61. Kh4 Rd6 62. Kg5 Kd4 63. h6 Rd8 64. Kg6 Rg8+ 65. Kf7 Rh8 66.
Kg7 Ra8 67. h7 Ra7+ 68. Rf7 Rxa5 69. h8=Q Ke3 70. Qe8+ Kf2 71. Qd8 Ra4 72. Qd2+
Kg3 73. Qe1+ Kh3 74. Kg6 Ra6+ 75. Rf6 Ra2 76. Qf1+ Kg3 77. Kg5 Ra5+ 78. Rf5 Ra2
79. Qg1+ Kh3 80. f4 Rf2 81. Qh1+ Kg3 82. Qh4+ Kf3 83. Qxf2+ Kxf2 1-0